000 00334nas a2200145 a 4500
001 69422
003 143288
005 20201118110644.0
008 ||||||n9999 ||| || ||
245 0 _aComunidad Europea - Vol.3 No.8-9,2,3,5,11
260 _c1967.
562 _e0
773 _069404
_aComunidad Europea
942 _cSISS
999 _c69422
_d69422